000 00398nam a2200169Ia 4500
008 230917s9999||||xx |||||||||||||| ||und||
020 _cRS150
040 _e25505
_aMAIN
041 _aEnglish
082 _a658.3 M311P
100 _aMamoria, C B
245 0 _aPersonnel management
250 _a5th ed.
260 _aBombay
_bHimalya Publishing. House
_c1987
300 _a874 p.
942 _cBK
999 _c57117
_d57117